| 000 | 00380nam a2200157Ia 4500 | ||
|---|---|---|---|
| 003 | OSt | ||
| 005 | 20240124094833.0 | ||
| 008 | 170524s9999 xx 000 0 und d | ||
| 020 | _a9788183184113 | ||
| 040 | _cIIMT UNIVERSITY | ||
| 100 | _aDesai - Vasant | ||
| 100 | _c2007 | ||
| 245 | 0 | _aDYNAMICS OF ENTREPRENEURIAL DEVELOPMENT AND MANAGEMENT | |
| 260 | _aHPH | ||
| 942 |
_2ddc _c02 |
||
| 999 |
_c2355 _d2355 |
||